|
|
|
|
| LEADER |
00000cam a2200000 7i4500 |
| 001 |
0000013892 |
| 005 |
20080317.0 |
| 008 |
080205 |
| 020 |
|
|
|a 9830990184
|
| 090 |
0 |
0 |
|a 297.18
|b KIS
|
| 245 |
1 |
0 |
|a Kisah-kisah benar & penglipur lara :
|b (4)
|c Susunan Fatimah Haji Omar
|
| 246 |
0 |
|
|a Kisah-kisah benar dan penglipur lara
|
| 650 |
|
0 |
|a Arabs
|x Folklore
|
| 650 |
|
0 |
|a Islamic stories, Malay
|
| 700 |
0 |
|
|a Susunan Fatimah Haji Omar
|
| 740 |
0 |
|
|a Kisah-kisah benar dan penglipur lara
|
| 999 |
|
|
|a 0000921637
|b Book
|c Adult Collection
|e Cawangan Bukit Gambir
|
| 999 |
|
|
|a 0000933963
|b Book
|c Adult Collection
|e Cawangan Tangkak
|
| 999 |
|
|
|a 0001009912
|b Book
|c Adult Collection
|e Perbadanan Perpustakaan Awam Johor
|